000 01110 a2200229 4500
001 40271
005 20260407155657.0
008 260407a2013 arg spa d
003 AR-UNSa-BCEJYS
040 _aAR-UNSa-BCEJYS
_bspa
_cAR-UNSa-BCEJYS
080 _a336.14
_xPresupuesto público. Presupuesto nacional
245 1 0 _aContabilidad y presupuesto en la administración pública
020 _a978-987-660-187-0
264 1 _aBuenos Aires :
_bEDICON (Fondo Editorial Consejo)
_c2013
300 _a100 p.
_c21 cm.
505 _a1. Una reflexión preliminar - 2. Breve introducción a la actividad gubernamental - 3. La propuesta - 4. La gestión gubernamental - 5. Algunas explicaciones previas - 6. El sistema presupuestario - 7. El sistema contable - 8. Presupuesto y contabilidad en el gobierno - 9. Cómo funciona estos sistemas - 10. Presupuesto y contabilidad
041 _aspa
942 _cBK
590 _aniveau_biblio:m niveau_hierar:0
100 1 _aGurruchaga, Angel
856 4 1 _uhttps://biblioeco.unsa.edu.ar/pmb/images/libros/Contabilidad_y_presupuesto.jpg
_yImagen de portada
_qimage/jpeg
999 _c3190
_d3190